000 00611nam a2200193 i 4500
001 39730
003 ES-MaACL
005 20230906160052.0
007 t|
008 030304s1960 sp ||||1| spa d
100 1 _aCampo Jesús, Luis del.
_934215
245 1 0 _aJaizki el proscrito
_b: un sucedido entre Vasconia y Roma en tiempos de Julio César : novela /
_cLuis del Campo Jesús.
260 _aZarauz :
_bIcharopena,
_c[1960]
300 _a259 p. ;
_c18 cm.
490 1 _aColección Auñamendi
830 0 _aColección Auñamendi
_9181019
852 _aES-MaACL
_jC-18312
_bR.46150
999 _c39730
_d39730